000 00588nam a2200181Ia 4500
008 151018s9999 xx 000 0 und d
082 _bRBASDV47641
_a294.59
100 _aशंकर मुनी राय
245 _aभारतीय धम दर्शन
250 _b1
260 _bपंकज बुक्स
_c2007
300 _a112
600 _aशंकर मुनी राय
630 _aभारतीय धम दर्शन
700 _aशंकर मुनी राय
730 _aभारतीय धम दर्शन
942 _cBOOK
999 _c1046773
_d1046770